Normal view
MARC view
Entry Corporate Name
001 - CONTROL NUMBER
- control field: 47542
003 - CONTROL NUMBER IDENTIFIER
- control field: dpl
005 - DATE AND TIME OF LATEST TRANSACTION
- control field: 20120521112126.0
008 - FIXED-LENGTH DATA ELEMENTS
- fixed length control field: 120521|||a|||||| | ||| d
040 ## - CATALOGING SOURCE
- Original cataloging agency: dpl
- Transcribing agency: dpl
110 ## - HEADING--CORPORATE NAME
- Corporate name or jurisdiction name as entry element: University of Massachusetts Dartmouth
- Subordinate unit: Center for Indic Studies.
670 ## - SOURCE DATA FOUND
- Source citation: Work cat.: (dpl)66937: 47159, Indian family system : , 2011
670 ## - SOURCE DATA FOUND
- Source citation: Work cat.: (dpl)66937: 47159, Indian family system : , 2011
